Statistiques concernant Anagrammes - Prénoms masculins - Série 09

Cliquez ici pour prendre le quiz!

Statistiques générales

  • Ce quiz a été pris 92 fois
  • Le résultat moyen est 7 sur 10

Statistiques - réponses

AnagrammePrénom% Correct
LICHEMMichel
96%
BIGLERTGilbert
93%
NAGEAnge
91%
EMAIEAimée
80%
FENDRANFernand
72%
RACESCesar
67%
RIMANTMartin
59%
BRABANEBarnabé
53%
TARWELWalter
53%
PALONNEONapoleon
44%

Distribution des résultats

Percentile par nombre de réponses

% des personnes avec chaque résultat

Votre développement - résultats

Vous n’avez pas pris ce quiz